000 00740cab a2200217 4500
001 WB3519-45
008 090401t1999 xxu||||| |||| 00| 0 eng d
035 _a(Sirsi) u93486
041 _aeng
245 _aCall centre website
260 _c1999
350 _a0
490 _aHerald
_v20 May 1999, 16(1)
520 _aProperty consultancy GVA Grimley has launched its call centre website which it claims is the first of its kind in the UK to be provided by a firm of Chartered surveyors. The site can be found at www.callcentres-gvagrimley.co.uk
650 _aCALL CENTRES
650 _aGVA GRIMLEY
650 _aINTERNET
690 _aMANAGEMENT-BUSINESS MANAGEMENT-INFORMATION MANAGEMENT
942 _n0
948 _c20/05/1999
999 _c59242
_d59242